| Tag |
First Indicator |
Second Indicator |
Subfields |
| LEADER |
00000pam a2200000 a 4500 |
| 001 |
in00000080338 |
| 005 |
20210327063627.0 |
| 008 |
811009s1982 njua b 00110 eng |
| 010 |
|
|
|a 81047133
|
| 020 |
|
|
|a 0691093962 :
|c $20.00
|
| 020 |
|
|
|a 0691000263 (pbk.) :
|c $5.95
|
| 035 |
|
|
|a (OCoLC)07923089
|
| 035 |
|
|
|9 AAJ6914AM
|
| 039 |
0 |
|
|a 2
|b 3
|c 3
|d 3
|e 3
|
| 040 |
|
|
|a DLC
|c DLC
|d TXA
|d UtOrBLW
|
| 043 |
|
|
|a e-gr---
|
| 049 |
|
|
|a TXAM
|c [1805268]
|
| 050 |
0 |
0 |
|a PA273
|b .H27 1982
|
| 082 |
0 |
|
|a 481
|2 19
|
| 100 |
1 |
|
|a Havelock, Eric A.
|q (Eric Alfred),
|d 1903-1988.
|
| 245 |
1 |
4 |
|a The literate revolution in Greece and its cultural consequences /
|c Eric A. Havelock.
|
| 264 |
|
1 |
|a Princeton, N.J. :
|b Princeton University Press,
|c [1982]
|
| 264 |
|
4 |
|c ©1982
|
| 300 |
|
|
|a viii, 362 pages :
|b illustrations ;
|c 22 cm.
|
| 336 |
|
|
|a text
|b txt
|2 rdacontent
|
| 337 |
|
|
|a unmediated
|b n
|2 rdamedia
|
| 338 |
|
|
|a volume
|b nc
|2 rdacarrier
|
| 490 |
1 |
|
|a Princeton series of collected essays
|
| 504 |
|
|
|a Includes bibliographical references and index.
|
| 650 |
|
0 |
|a Greek language
|x Alphabet.
|
| 650 |
|
0 |
|a Oral tradition.
|
| 650 |
|
0 |
|a Greek literature
|x History and criticism.
|
| 830 |
|
0 |
|a Princeton series of collected essays.
|
| 999 |
|
|
|a MARS
|
| 999 |
f |
f |
|s ee51de74-55ce-3029-aceb-3870124871d9
|i 1347315f-2fff-3074-8ecf-45b73c6f52ba
|t 0
|
| 952 |
f |
f |
|p normal
|a Texas A&M University
|b College Station
|c Sterling C. Evans Library
|d Evans: Library Stacks
|t 0
|e PA273 .H27 1982
|h Library of Congress classification
|i unmediated -- volume
|m A14806172585
|
| 952 |
f |
f |
|p noncirc
|a Texas A&M University
|b College Station
|c Sterling C. Evans Library
|d Bodrum (located in Turkey)
|t 0
|e PA273 .H27 1982
|h Library of Congress classification
|i unmediated -- volume
|
| 998 |
f |
f |
|a PA273 .H27 1982
|t 0
|l Bodrum (located in Turkey)
|
| 998 |
f |
f |
|a PA273 .H27 1982
|t 0
|l Evans: Library Stacks
|